000 00706cam a2200205 i 4500
005 20260426111607.0
008 250721s2000 jo gr 000 0 ara d
082 1 4 _a418.1
_bس ل ا
100 1 _aسلامة، ياسر
_eمؤلف.
245 1 2 _aالإملاء العربي :
_bقواعد وتطبيقات /
_cياسر خالد سلامة.
250 _aالطبعة الأولى.
264 3 1 _aعمان :
_bمركز الكتاب الأكاديمي،
_c2000.
300 _a159 صفحة.
650 1 7 _aالإملاء.
650 1 7 _aاللغة العربية.
650 1 7 _aعلامات الترقيم.
650 1 7 _aالتدريس.
942 _2ddc
_cBK
999 _c33177
_d33177